• 首页
  • 本馆介绍
  • 公告通知
  • 最新文献
  • 馆藏检索
  • 电子资源
  • 读者导购
  • 参考咨询
  • 我的图书馆
  • 登录
  • 详细信息显示
  • 放入我的书架
  • 预约/预借图书
  • 作者相关作品
  • 分类相关作品
  • 丛书相关作品
  • 出版社相关作品

书目信息

  • 表格格式
  • 工作单格式
  • 卡片格式
题名:
脉冲数字电路
    
 
作者: 王军伟 , 宋树清 编
分册:  
出版信息: 北京   电子工业出版社  1987.11
页数: 290页
开本: 26cm
丛书名:
单 册:
中图分类: TP331.2
科图分类:
主题词: 电子数字计算机
电子资源:
ISBN: 7-5053-0017-2
000 00631nam0 2200205 450
001 0834288621
005 20081030093257.48
010    @a7-5053-0017-2@dCNY9.00
100    @a20081030d1987 km y0chiy0120 ea
101 0  @achi
102    @aCN@b110000
200 1  @a脉冲数字电路@Amai chong shu zi dian lu@f王军伟,宋树清编@Fwang jun wei,song shu qing bian
210    @a北京@c电子工业出版社@d1987.11
215    @a290页@d26cm
606 0  @a电子数字计算机
690    @aTP331.2@v4
701  0 @a王军伟@Awang jun wei@4编
701  0 @a宋树清@Asong shu qing@4编
801  0 @aCN@b大连网信软件有限公司图书馆·11@c20081030
905    @aBZT@dTP331.2@e1
    
    脉冲数字电路/王军伟,宋树清编.-北京:电子工业出版社,1987.11
    290页;26cm
    
    
    ISBN 7-5053-0017-2:CNY9.00
    
●
相关链接 在五车中查询图书 在当当中查询图书 在豆瓣中查询图书


正题名:脉冲数字电路     索取号:TP331.2/1         预约/预借

序号 登录号 条形码 馆藏地/架位号 状态 备注
1 067021   201216683   中心书库中库/ 中库027架A面3列6层55/ [索取号:TP331.2/1] 在馆    
山东省滨州职业学院图书馆 欢迎您!
大连网信软件有限公司© 版权所有